| 000 | 00891nam a2200253Ia 4500 | ||
|---|---|---|---|
| 003 | OSt | ||
| 005 | 20220923211042.0 | ||
| 006 | a|||||r|||| 00| 0 | ||
| 007 | ta | ||
| 008 | Pun | ||
| 020 |
_a8173804745 (hbk) _c150 |
||
| 024 | _a239,950 | ||
| 037 |
_b168, 24/10/2009, H.K. Prakashan _cTextual |
||
| 040 |
_aARTS _cARTS _bPun |
||
| 041 |
_2Pun _aPun |
||
| 082 | _aO153,2:g, N8 | ||
| 100 |
_aਫੁੱਲ, ਗੁਰਦਿਆਲ ਸਿੰਘ _9157637 |
||
| 245 | 0 | _aਪੰਜਾਬੀ ਨਾਟਕ * ਸਰੂਪ, ਸਿਧਾਂਤ ਤੇ ਵਿਕਾਸ | |
| 260 |
_aਪਟਿਆਲਾ _b ਪੰਜਾਬੀ ਯੂਨੀਵਰਸਿਟੀ _c1998 |
||
| 300 |
_a330ਪੰ _ccm. |
||
| 650 | _aਪੰਜਾਬੀ ਸਾਹਿਤ | ||
| 942 |
_hO153,2:g, N8 _cTEXL _2CC |
||
| 999 |
_c294530 _d294530 |
||